00488nam a22001577a 450000500170000001000150001702000260003203500140005803700130007208200080008510000180009324500480011126000620015927000900022130000190031120220901162847.0 aENG-134877 a9789389211696c800.00 aEN-118409 bDBAD/PUB a510 aGulati, Tarun aMathematics for CBSE Class X/cTarun Gulati aHyderabadbUniversities Press India Private Limitedc2022 bHyderabada3-6-747/1/A & 3-6-754/I, Himayatnagare500029minfo@universititespress.com avp.c24cm(pbk)